[Event "Ostrava Konik op-B"]
[Site "Ostrava"]
[Date "2007.05.??"]
[Round "2"]
[White "Blecharz, Pavel"]
[Black "Novak, Borivoj"]
[Result "1/2-1/2"]
[WhiteElo "1605"]
[BlackElo "1855"]
[PlyCount "112"]
[EventDate "2007.05.??"]
[EventType "swiss"]
[EventRounds "9"]
[EventCountry "CZE"]
[SourceTitle "EXT 2010"]
[Source "ChessBase"]
[SourceDate "2010.11.25"]
[SourceVersion "1"]
[SourceVersionDate "2010.11.25"]
[SourceQuality "1"]

1. e4 c5 2. Nf3 d6 3. d4 cxd4 4. Nxd4 Nf6 5. Nc3 g6 6. Be2 Bg7 7. Be3 Bd7 8. Qd2 Nc6 9. a3 Rc8 10. f3 h5 11. Rc1 a6 12. Na2 b5 13. Nb4 Qa5 14. Ndxc6 Bxc6 15. Nxc6 Qxd2+ 16. Bxd2 Rxc6 17. c3 Nd7 18. Bd3 e5 19. 0-0 Bh6 20. Bxh6 Rxh6 21. c4 bxc4 22. Rxc4 Rxc4 23. Bxc4 a5 24. b4 axb4 25. axb4 Rh8 26. Ra1 Ke7 27. Ra7 Rd8 28. Bb5 f5 29. Bc6 Ke6 30. b5 Nb6 31. Rb7 Nd7 32. Kf2 fxe4 33. fxe4 Nf6 34. Rg7 d5 35. exd5+ Kf5 36. Rf7 g5 37. b6 Kg6 38. Rc7 Nxd5 39. Bxd5 Rxd5 40. Rb7 Rd2+ 41. Ke3 Rxg2 42. Rb8 Kg7 43. b7 Rb2 44. Ke4 Rb5 45. Kf5 g4 46. Re8 Rxb7 47. Rxe5 Rb2 48. Re7+ Kf8 49. Rh7 Rxh2 50. Kf6 Rf2+ 51. Kg6 g3 52. Rxh5 g2 53. Rg5 Rf7 54. Kh6 Rf6+ 55. Kh5 Rf2 56. Kh4 Kf7 1/2-1/2

[Event "Ostrava Konik op-B"]
[Site "Ostrava"]
[Date "2007.05.??"]
[Round "5"]
[White "Folta, Jaroslav"]
[Black "Blecharz, Pavel"]
[Result "0-1"]
[WhiteElo "1945"]
[BlackElo "1605"]
[PlyCount "100"]
[EventDate "2007.05.??"]
[EventType "swiss"]
[EventRounds "9"]
[EventCountry "CZE"]
[SourceTitle "EXT 2010"]
[Source "ChessBase"]
[SourceDate "2010.11.25"]
[SourceVersion "1"]
[SourceVersionDate "2010.11.25"]
[SourceQuality "1"]

1. d4 d5 2. Nf3 Nf6 3. Bf4 e6 4. e3 Bd7 5. Bd3 Nc6 6. c3 Be7 7. Nbd2 Nh5 8. Bg3 Nxg3 9. hxg3 g6 10. Qc2 f5 11. 0-0-0 Bf6 12. Nb3 Qe7 13. Nc5 Nd8 14. Kb1 a5 15. Be2 b6 16. Nd3 Nf7 17. Nde5 Nxe5 18. dxe5 Bg7 19. Rh2 c5 20. c4 Bc6 21. Qb3 Qb7 22. Rdh1 a4 23. Qc2 h6 24. Nh4 dxc4 25. Qxc4 Bd5 26. Qc3 Kf7 27. f4 Be4+ 28. Ka1 Rad8 29. Rc1 Bf8 30. Nf3 Be7 31. Rhh1 Rd7 32. Rcd1 Rxd1+ 33. Rxd1 Rd8 34. Rxd8 Bxd8 35. Bd1 Qd7 36. Qd2 Qxd2 37. Nxd2 Bxg2 38. Bxa4 h5 39. Nc4 g5 40. fxg5 Bxg5 41. Bd1 Kg6 42. Nxb6 Bxe3 43. a4 Bf2 44. Nd7 Bxg3 45. Nxc5 h4 46. Nxe6 h3 47. Nf8+ Kf7 48. Nh7 h2 49. Bb3+ Ke7 50. Nf6 h1Q+ 0-1

[Event "Ostrava SMP op"]
[Site "Ostrava"]
[Date "2006.05.05"]
[Round "7"]
[White "Blecharz, Pavel"]
[Black "Divis, Jan"]
[Result "1/2-1/2"]
[WhiteElo "1505"]
[BlackElo "1726"]
[PlyCount "57"]
[EventDate "2006.04.29"]
[EventType "swiss"]
[EventRounds "9"]
[EventCountry "CZE"]
[SourceTitle "EXT 2008"]
[Source "ChessBase"]
[SourceDate "2007.11.25"]
[SourceVersion "1"]
[SourceVersionDate "2007.11.25"]
[SourceQuality "1"]

1. e4 g6 2. d4 Bg7 3. Nf3 d6 4. Bc4 Nf6 5. Nc3 0-0 6. 0-0 Nxe4 7. Nxe4 d5 8. Bxd5 Qxd5 9. Nc3 Qd8 10. h3 Nc6 11. Ne2 Qd5 12. c3 b6 13. Bf4 Qd8 14. Re1 Bb7 15. Ng3 Rc8 16. Ne5 e6 17. Nxc6 Bxc6 18. Qd2 Qd5 19. f3 a5 20. Bh6 Qd6 21. Ne4 Bxe4 22. fxe4 Rfd8 23. Bxg7 Kxg7 24. e5 Qe7 25. Qf4 c5 26. Rad1 cxd4 27. Rxd4 Rxd4 28. Qxd4 Qc5 29. Re4 1/2-1/2